Responses for Show #4551 - Monday, May 24, 2004

Contestants

[<< previous game]

Gina George, a consultant and customer service representative from Harrisburg, Ohio

Daniel Morgan, an attorney from Silver Creek, Georgia

Jeremy Schanck, a business development coordinator from Washington, D.C. (whose 1-day cash winnings total $19,100)

[next game >>]

Jeopardy! Round responses

SCIENCE & NATURE
AIRLINES
MAGAZINES
GEOGRAPHY "B"
LEFT, RIGHT OR CENTER
GET YOUR PHIL
    $200 21
a sheep

Jeremy
    $200 22
Qantas

Jeremy
    $200 12
Popular

Jeremy
    $200 7
Birmingham

Gina
    $200 6
a right

Jeremy
    $200 1
Miami Vice

Gina
    $400 30
hibernate

Gina
    $400 23
Pan Am

Daniel
    $400 13
Hitchcock

Jeremy
    $400 8
Bahrain

Jeremy
    $400 17
the Left Bank

Jeremy
    $400 2
(Alex: Right, coach of the Lakers.)

Phil Jackson

Jeremy
    $600 29
the poppy

Jeremy
    $600 24
JetBlue

Jeremy
    $600 14
(Gina: What is Entertainment Weekly?)
(Daniel: What is Teen People?)
(Jeremy: What is Life?)

InStyle

JeremyDanielGina
Triple Stumper
    $600 9
(Gina: What is Biloxi?)

Bismarck, North Dakota

Gina
Triple Stumper
    $600 18
(Alex: Yes, R-E instead of E-R.)

center

Daniel
    $600 3
Humphrey Bogart

Jeremy
    $800 28
coal

Daniel
    $800 25
Korean Air Lines

Jeremy
    $800 15
Vogue

Daniel
    $800 10
Brazil

Jeremy
    $800 19
(Alex: For felt, right.)

left

Jeremy
    $1,000 4
Phil Donahue

Jeremy
    $1000 27
fructose

Jeremy
    $1000 26
Aeroflot

Jeremy
    $1000 16
National Geographic

Jeremy
    $1000 11
Bhutan

Jeremy
    $1000 20
right

Daniel
    $1000 5
Earth, Wind & Fire

Daniel

Scores at the first commercial break (after clue 16):

Jeremy Daniel Gina
$5,400 $1,200 -$800

Scores at the end of the Jeopardy! Round:

Jeremy Daniel Gina
$11,000 $4,000 -$400

Double Jeopardy! Round responses

BRITISH HISTORY
OSCAR ODDITIES
GOVERNMENT AGENCIES
BESTSELLERS
HARDWARE STORE MENAGERIE
GET YOUR "PHIL"
    $400 3
Margaret Thatcher

Jeremy
    $400 5
Who's Afraid of Virginia Woolf?

Jeremy
    $400 26
the Department of Agriculture

Jeremy
    $400 13
Jonathan Livingston Seagull

Jeremy
    $400 18
a snake

Gina
    $400 1
(Daniel: What is philosophy?)
[Originally accepted as correct; reversed before first Daily Double.]

a philosopher

Daniel
Triple Stumper
    $800 11
the Magna Carta

Jeremy
    $800 6
Greece

Jeremy
    $800 27
(Gina: What is the USDA?)

the FDA (Food & Drug Administration)

Gina
Triple Stumper
    $800 14
in Heaven

Gina
    $800 19
(Gina: What is a vice grip?)
(Jeremy: What is a wrench?)
(Alex: Be more specific.)
(Jeremy: [Exhales])
(Alex: No?)

a monkey wrench

JeremyDanielGina
    $800 2
the Philippines

Daniel
    $3,000 12
(Jeremy: What is an aqueduct?)
...
(Alex: That's fun to walk on also for somebody who spent time on the Great Wall of China.)

Hadrian's Wall

Jeremy
    $1200 7
Beauty and the Beast

Gina
    $1200 28
Alcohol, Tobacco and Firearms

Daniel
    $1200 15
Dominick Dunne

Jeremy
    $1200 23
alligator clips

Gina
    $1200 4
philharmonic

Gina
    $1600 21
the Puritans

Daniel
    $1600 8
Emma Thompson

Gina
    $1600 29
Immigration and Naturalization Service (INS)

Gina
    $1600 16
Prey

Triple Stumper
    $1600 24
a sawhorse

Gina
    $1600 10
a philanderer

Daniel
    $2000 20
Glorious

Daniel
    $2000 9
Charlie Chaplin

Jeremy
    $2,000 30
(Gina: What is Health, Education and Welfare?)

Health and Human Services

Gina
    $2000 17
John Grisham

Gina
    $2000 25
a butterfly nut

Gina
    $2000 22
philanthropy

Jeremy

Scores at the end of the Double Jeopardy! Round:

Jeremy Daniel Gina
$15,600 $11,600 $9,600

[wagering suggestions for these scores]

Final Jeopardy! Round responses

STATE CAPITALS
(Alex: It was named for General Francis Nash, who was an ancestor of poet Ogden Nash.)
GinaWhat is Nashville?
$6,001
DanielWhat is Nashville?
$11,598
JeremyWhat is Nashville?
$7,700
Nashville, Tennessee

Final scores:

Jeremy Daniel Gina
$23,300 $23,198 $15,601
2-day champion: $42,400 2nd place: $2,000 3rd place: $1,000

Game dynamics:

Coryat scores:

Jeremy Daniel Gina
$18,400 $11,600 $11,600
28 R
(including 1 DD),
3 W
(including 1 DD)
12 R,
2 W
13 R,
5 W
(including 1 DD)

Combined Coryat: $41,600

[game clues] [game scores] [suggest correction]

Game tape date: 2004-02-11
The J! Archive is created by fans, for fans. Scraping, republication, monetization, and malicious use prohibited; this site may use cookies and collect identifying information. See terms. The Jeopardy! game show and all elements thereof, including but not limited to copyright and trademark thereto, are the property of Jeopardy Productions, Inc. and are protected under law. This website is not affiliated with, sponsored by, or operated by Jeopardy Productions, Inc. Join the discussion at JBoard.tv.